000 00266nam a2200121 a 4500
005 20141022142004.0
008 080916s19uu xx 00 eng d
050 _aVCD
_bB72 1999
245 _aBraveheart.
650 _aVCD.
650 _aBraveheart.
942 _cAVM
999 _c276433
_d276433